Religion Quiz

Random Religion or Church Quiz

Progressively Harder Religions by Symbol Quiz Stats

 Plays Quiz Updated Sep 26, 2014

Challenge
Share
Tweet
Score 0/14 Timer 04:00
7 Plays Today
% Correct
Judaism
96.2%
Christianity
95.1%
Islam
88%
Hinduism
66.3%
Taoism
57.8%
Shinto
51.6%
Buddhism
41%
% Correct
Wicca
40.4%
Sikhism
31.5%
Zoroastrianism
24.1%
Jainism
17.2%
Confucianism
15.3%
Baha'i
14.2%
Druidism
4.8%

You're not logged in!

Compare scores with friends on all Sporcle quizzes.
OR
Log In

You Might Also Like...

Show Comments

Extras

Top Quizzes Today


Score Distribution

Your Account Isn't Verified!

In order to create a playlist on Sporcle, you need to verify the email address you used during registration. Go to your Sporcle Settings to finish the process.

Report this User

Report this user for behavior that violates our Community Guidelines.

Details: